01242cam a22002651 4500001001300000003000400013005001700017008004100034010001700075035002000092040005000112042001200162050002900174100003200203245012600235260007400361300008400435490006600519500006000585500007500645500015200720650004800872700003900920999001700959gs 11000246 DLC20260227111311.0870304s1909 mx abf 000 0 spa c ags 11000246  a(OCoLC)15268792 aU.S. Geol. survey. LibrarycTxDaMdOCoLCdDLC apremarc00aQE201b.A3 t. 2, núm 91 aVillarello, Juan D.,d1869-10aHidrología subterránea de los alrededores de Pátzcuaro, Michoacán,cpor el ingeniero de minas Juan D. Villarello. aMéxico,bImprenta y fototipia de la Secretaría de fomento,c1909. a2 p. l., [343]-384 p., 1 l.,billus., pl. LIX-LXII (incl. 2 fold. maps)c23 cm.0 aMéxico. Instituto geológico. Parergones.vt. II, núm. 9 aAt head of title: Instituto geológico de México ... aMap on plate LXI accompanied by transparent leaf with outline drawing. a"El hundimiento del cerro de Sartenejas en los alrededores de Tetecala, estado de Morelos, por el ingeniero de minas Teodoro Flores": p. [363]-384. 0aGroundwaterzMexicozMichoacán de Ocampo.1 aFlores, Teodoroc(Mining engineer) c25018d25018